100 joueurs danois avec la plus grosse valeur marchande - Statistiques

Statistiques générales
  • Ce quiz a été pris 29 fois
  • Le résultat moyen est 20 sur 100
Statistiques - réponses
Club Prix Réponse % Correct
Manchester United 18 millions Christian Eriksen
93%
FC Barcelone 40 millions Andreas Christensen
86%
1.FC Koln 2,5 millions Jacob Christensen
86%
Fiorentina 4 millions Oliver Christensen
86%
AS Rome 13 millions Rasmus Kristensen
86%
Udinese 3 millions Thomas Kristensen
86%
Manchester United 65 millions Rasmus Hojlund
82%
Crystal Palace 30 millions Joachim Andersen
75%
Luton Town 3 millions Mads Andersen
75%
Venezia FC 1,5 millions Magnus Kofod Andersen
75%
Tottenham 32 millions Pierre-Emile Hojbjerg
71%
RSC Anderlecht 1,5 millions Kasper Schmeichel
57%
Brentford 28 millions Mathias Jensen
46%
RB Leipzig 7 millions Yussuf Poulsen
46%
Naples 28 millions Jesper Lindstrom
43%
Brentford 13 millions Mikkel Damsgaard
43%
Hoffenheim 6,5 millions Robert Skov
43%
SL Benfica 14 millions Alexander Bah
39%
Club Bruges 18 millions Andreas Skov Olsen
36%
Brentford 16 millions Christian Norgaard
36%
Wolfsbourg 14 millions Joakim Maehle
36%
Wolfsbourg 22 millions Jonas Wind
36%
Espanyol Barcelone 5 millions Martin Braithwaite
32%
Milan AC 3,5 millions Simon Kjaer
32%
Stade De Reims 10 millions Mohamed Daramy
29%
Bournemouth 20 millions Philip Billing
29%
Burnley 3 millions Jacob Bruun Larsen
25%
Trabzonspor 1,6 millions Jens Stryger Larsen
25%
RSC Anderlecht 7 millions Kasper Dolberg
25%
Toulouse FC 6 millions Rasmus Nicolaisen
25%
RSC Anderlecht 2 millions Thomas Delaney
25%
Leicester 4 millions Jannik Vestergaard
21%
Celtic Glasgow 10 millions Matt O'Riley
21%
Galatasaray 19 millions Victor Nelsson
21%
Malmo 1,5 millions Anders Christiansen
18%
Lazio Rome 12 millions Gustav Isaksen
18%
Brentford 1,5 millions Mathias Jorgensen
18%
Bologne 12 millions Victor Kristiansen
18%
Villarreal 5 millions Filip Jorgensen
14%
Union Berlin 5,5 millions Frederik Ronnow
14%
Malmo 2 millions Sebastian Jorgensen
14%
Sparta Prague 2,5 millions Asger Sorensen
11%
Norwich City 1,5 millions Jacob Lungi Sorensen
11%
FC Midtjylland 2,5 millions Mads Bech Sorensen
11%
Leicester 7 millions Mads Hermansen
11%
Augsbourg 3,5 millions Mads Pedersen
11%
Brentford 6 millions Mads Roerslev
11%
Toulouse FC 2,5 millions Mikkel Desler
11%
RSC Anderlecht 6,5 millions Anders Dreyer
7%
FC Copenhague 2,5 millions Andreas Cornelius
7%
Ajax Amsterdam 2 millions Anton Gaaei
7%
SL Benfica 6 millions Casper Tengstedt
7%
Brondby IF 1,5 millions Daniel Wass
7%
Brondby IF 3 millions Jacob Rasmussen
7%
Werder Breme 5 millions Jens Stage
7%
Genoa 6 millions Morten Frendrup
7%
Lecce 2,5 millions Patrick Dorgu
7%
Alanyaspor 2 millions Pione Sisto
7%
Bodo/Glimt 7,5 millions Albert Gronbaek
4%
Urawa Red Diamonds 2,2 millions Alexander Scholz
4%
Samsunspor 3,3 millions Carlo Holse
4%
Caykur Rizespor 2 millions Casper Hojer
4%
Club Bruges 5 millions Casper Nielsen
4%
Leicester 5 millions Daniel Iversen
4%
FC Copenhague 3 millions Elias Jelert
4%
Bournemouth 1,5 millions Emiliano Marcondes
4%
FC Copenhague 3 millions Lukas Lerager
4%
RB Salzbourg 7,5 millions Mads Bidstrup
4%
RB Salzbourg 13 millions Maurits Kjaergaard
4%
Philadelphia Union 4 millions Mikael Uhre
4%
Union Berlin 2,7 millions Mikkel Kaufmann
4%
KVC Westerlo 1,5 millions Nicolas Madsen
4%
FC Copenhague 1,8 millions William Clem
4%
ESTAC Troyes 1,5 millions Andreas Bruus
0%
KAA La Gantoise 2 millions Andrew Hjulsager
0%
Preston North End 4 millions Emil Riis
0%
Houston Dynamo 1,5 millions Erik Sviatchenko
0%
AEK Athenes 3 millions Jens Jonsson
0%
AZ Alkmaar 4,5 millions Jens Odgaard
0%
IF Elfsborg 2,5 millions Jeppe Okkels
0%
Changchun Yatai 1,5 millions Jores Okore
0%
Nagoya Grampus 1,7 millions Kasper Junker
0%
Brondby IF 2 millions Kevin Tshiembe
0%
Konyaspor 1,5 millions Louka Prip
0%
FC Nordsjaelland 2 millions Lucas Hey
0%
Columbus Crew 2,5 millions Malte Amundsen
0%
FC Nordsjaelland 5,5 millions Marcus Ingvartsen
0%
Brondby IF 3 millions Mathias Kvistgaarden
0%
Watford 2 millions Mileta Rajovic
0%
Sporting CP 24 millions Morten Hjuland
0%
Brondby IF 3 millions Nicolai Vallys
0%
Austria Lustenau 1,5 millions Nikolai Baden Frederiksen
0%
Como 1907 3,5 millions Oliver Abildgaard
0%
FC Nordsjaelland 2,5 millions Oliver Villadsen
0%
FC Utrecht 2 millions Oscar Fraulo
0%
Club Bruges 6 millions Philip Zinckernagel
0%
1.FC Koln 2,5 millions Rasmus Carstensen
0%
Brondby IF 3 millions Rasmus Lauritsen
0%
SV 07 Elversberg 2,5 millions Wahid Faghir
0%
Sturm Graz 3 millions William Boving
0%
Aucun quiz correspondant
Distribution des résultats
% des personnes avec chaque résultat
Percentile par nombre de réponses
Votre historique - résultats
Vous n’avez pas pris ce quiz